000 01016nac a22002777a 4500
001 BR3700084
003 BR-BrBNA
005 20240105112810.0
008 230509b bl.|||m| |||| 00| 0 por d
040 _aBR-BrBNA
_bpor
_cBiblioteca Nacional de Agricultura
072 _aE10; E70
090 _aE10 BR3700084
110 1 _aSecretaria da Agricultura, Industria e Commercio do Estado de Pernambuco, Recife (Brasil)
_98427
245 1 _aRelatorio referente ao periodo de abril de 1936 a abril de 1937 [Secretaria da Agricultura, Industria e Commercio do Estado de Pernambuco, Brasil]
260 3 _aRecife, PE (Brasil):
_c1937.
300 _a213 p.
490 _aRelatorio - Secretaria da Agricultura, Industria e Commercio do Estado de Pernambuco (Brazil)
_v
_x
650 _aAGRICULTURA
650 _aINDUSTRIA AGRICOLA
650 _aESTATISTICA COMERCIAL
650 _aDESPESA
650 _aRECEITA
650 _aPERNAMBUCO
909 _a202312
_bLúcia Elande
_c55
_dLúcia Elande
942 _2AGRIS
_n0
_cMS
999 _c260354
_d260354